Poesia in forma di rosa (1961-1964) /
Saved in:
| Hovedforfatter: | |
|---|---|
| Format: | Bog |
| Sprog: | italiensk |
| Udgivet: |
[Milano] :
Garzanti,
c1964
|
| Tags: |
Ingen Tags, Vær først til at tagge denne postø!
|
MARC
| LEADER | 00000nam a22000007ib4500 | ||
|---|---|---|---|
| 001 | IT\ICCU\LUA\0518384 | ||
| 003 | ItRI | ||
| 005 | 20250728181408.0 | ||
| 008 | 140130s1964 it |||||| ||||| |||||c | ||
| 040 | |b ita |c Arcigay Viterbo | ||
| 041 | 7 | |a ita |2 ISO-639-2 | |
| 100 | 1 | |a Pasolini, Pier Paolo |0 IT\ICCU\CFIV\001068 |4 aut | |
| 245 | 1 | 0 | |a Poesia in forma di rosa (1961-1964) / |c Pier Paolo Pasolini. |
| 260 | |a [Milano] : |b Garzanti, |c c1964 | ||
| 300 | |a XVII, 223 p. ; |c 18 cm | ||
| 773 | 0 | |w IT\ICCU\LUA\0518375 |t Opere di Pier Paolo Pasolini |g 5 | |
| 942 | |2 ddc |c BK |n 0 | ||
| 952 | |0 0 |1 0 |2 ddc |4 0 |6 851_914000000000000_PAS_POE |7 0 |9 9393 |a VT |b VT |d 2025-07-28 |e Donazione Maurizio Gregorini |i B103 |l 0 |o 851.914 PAS POE |p B103 |r 2025-07-28 18:18:23 |w 2025-07-28 |y BK | ||
| 981 | 1 | |6 z01 |a i |b xxxe | |
| 982 | 1 | |6 z01 |a n | |
| 999 | |c 7840 |d 7840 | ||